100 Villains part 2 - Statistics

General Stats
  • This quiz has been taken 96 times
  • The average score is 14 of 36
Answer Stats
Picture Answer % Correct
The Joker
94%
Chucky
88%
Scar
88%
Alien
78%
Gollum
78%
Hannibal Lecter
76%
Davy Jones
75%
Michael Myers
75%
Emperor Palpatine
72%
Ghostface
68%
V
60%
Hans Gruber
56%
Kylo Ren
56%
Headless Horseman
49%
The Spot
41%
Nurse Ratched
40%
The Devil
32%
Gorr
28%
President Snow
28%
Alex DeLarge
25%
Mola Ram
19%
The Monstars
19%
Barty Crouch Jr.
18%
Borg Queen
16%
Lord Beckett
16%
The Emperor
16%
René Belloq
13%
The Phantom Shadows
13%
Vigo the Carpathian
12%
Arnold Toht
7%
Walter Donovan
7%
Brenda Bates
6%
Emilio Barzini
6%
John Cassetti
6%
Dorian Tyrell
4%
V'ger
4%
No matching quizzes found
Score Distribution
Percent of People with Each Score
Percentile by Number Answered
Your Score History
You have not taken this quiz